• 首页
  • 本馆介绍
  • 公告通知
  • 最新文献
  • 馆藏检索
  • 电子资源
  • 读者导购
  • 参考咨询
  • 我的图书馆
  • 登录
  • 详细信息显示
  • 放入我的书架
  • 预约/预借图书
  • 作者相关作品
  • 分类相关作品
  • 丛书相关作品
  • 出版社相关作品

书目信息

  • 表格格式
  • 工作单格式
  • 卡片格式
题名:
日本的家论理与现代化
    
 
作者: 侯庆轩 , 王巍巍 著
分册:  
出版信息: 长春   吉林人民出版社  2005
页数: 248页
开本: 20cm
丛书名:
单 册:
中图分类: B823.1 , F131.341
科图分类:
主题词: 家庭道德--关系--现代化--日本 , 家庭道德 , 现代化
电子资源:
ISBN: 7-206-02916-7
000 00999nam0 2200313 45
001 012006200000114
005 20070708144949.57
010    @a7-206-02916-7@dCNY20.00
092    @aCN@b489839
100    @a20060416d2005 em y0chiy0121 ea
101 0  @achi
102    @aCN@b220000
105    @ay z 000yy
200 1  @a日本的家论理与现代化@Ari ben de jia lun li yu xian dai hua@f侯庆轩,王巍巍著@Fhou qing xuan, wang wei wei zhu
205    @a2版
210    @a长春@c吉林人民出版社@d2005
215    @a248页@d20cm
300    @a日本住友财团协赞
320    @a有书目(第246~248页)
330    @a本书主要内容:日本的家庭观和家庭伦理、资本主义的发展与家的解体和模拟扩大、工业化发展时期的家与经营家族主义。
606 0  @a家庭道德@x关系@x现代化@y日本
606 0  @a家庭道德
606 0  @a现代化
690    @aB823.1@v4
690    @aF131.341@v4
701  0 @a侯庆轩@Ahou qing xuan@4著
701  0 @a王巍巍@Awang wei wei@4著
801  0 @aCN@bLZJBOOK@c20070708
905    @a10447@dB823.1@e338=2
    
    日本的家论理与现代化/侯庆轩,王巍巍著.-2版.-长春:吉林人民出版社,2005
    248页;20cm
    日本住友财团协赞
    
    ISBN 7-206-02916-7:CNY20.00
    本书主要内容:日本的家庭观和家庭伦理、资本主义的发展与家的解体和模拟扩大、工业化发展时期的家与经营家族主义。
●
相关链接 在E读中查询图书 在五车中查询图书 在当当中查询图书 在豆瓣中查询图书


正题名:日本的家论理与现代化     索取号:B823.1/338=2         预约/预借

序号 登录号 条形码 馆藏地/架位号 状态 备注
1 0556749   205567493   第一样本阅览室/ [索取号:B823.1/338=2] 在馆    
2 0556750   205567509   教育系资料室/ [索取号:B823.1/338=2] 在馆    
3 0556751   205567518   第一借阅区/ [索取号:B823.1/338=2] 在馆    
4 0556752   205567527   教育系资料室/ [索取号:B823.1/338=2] 在馆    
5 0556753   205567536   第一借阅区/ [索取号:B823.1/338=2] 在馆    
6 0556754   205567545   教育系资料室/ [索取号:B823.1/338=2] 在馆    
7 0556755   205567554   第一借阅区/ [索取号:B823.1/338=2] 在馆    
8 0556756   205567563   第一借阅区/ [索取号:B823.1/338=2] 在馆    
唐山师范学院图书馆 欢迎您!
大连网信软件有限公司© 版权所有